| 000 | 00685nam a2200241 a 4500 | ||
|---|---|---|---|
| 001 | 65574 | ||
| 003 | BD-RjUL | ||
| 005 | 20211209081436.0 | ||
| 008 | 170308r19511930enka 0 eng d | ||
| 035 | _a(BD-RjUL)65704 | ||
| 040 |
_aTU _beng _cTU _d(BD-RjUL) |
||
| 041 | _aeng | ||
| 082 |
_223 _a955 _bSYH 1951 |
||
| 100 | 1 |
_aSykes, Percy, _d1867-1945. _9194028 |
|
| 245 | 1 | 2 |
_aA history of Persia / _cby Sir Percy Sykes. |
| 250 | _a3rd ed. (with supplementary essays) | ||
| 260 |
_aLondon : _bMacmillan, _c1930 [Reprinted1951] |
||
| 300 |
_a v : _bill. ; _c23cm. |
||
| 500 | _a"In Two Volumes" | ||
| 505 | 0 | _aVol. 1-- | |
| 651 |
_aIran _vHistory. _9219132 |
||
| 942 |
_2ddc _cRAR |
||
| 999 |
_c65574 _d65574 |
||